| 000 | 00892nam a2200241Ia 4500 | ||
|---|---|---|---|
| 003 | GCL | ||
| 008 | 140319s9999 xx 000 0 ara d | ||
| 040 |
_aGCL / _cGCL |
||
| 082 | 0 | 4 |
_a301.427 _bا د |
| 100 | 1 | _aاقبال محمد بشير | |
| 245 | 1 | 0 |
_aديناميكية العلاقات الاسرية: دراسة عن الخدمة الاجتماعية ورعاية الاسرة والطفولة / _cاقبال محمد بشير |
| 700 | 1 | _aاقبال ابراهيم مخلوف | |
| 700 | 1 | _aسلمى جمعة | |
| 300 | _a279 ص | ||
| 490 |
_aالهيئة العامة للاستعلامات _v0 |
||
| 650 | 0 | 4 | _aالخدمة الاجتماعية |
| 650 | 0 | 4 | _aالعلاقات الاسرية |
| 650 | 0 | 4 | _aالاجتماع، علم |
| 650 | 0 | 4 | _aالاسرة - رعايى |
| 650 | 0 | 4 | _aالاسرة - رعاية |
| 650 | 0 | 4 | _aالطفولة - رعاية |
| 942 |
_2ddc _cBK |
||
| 999 |
_c49347 _d49347 |
||